| 000 | 00745nam a22002057i 4500 | ||
|---|---|---|---|
| 999 |
_c23542 _d23542 |
||
| 003 | AR-CdUCM | ||
| 008 | 260305b20192019 pe||||| |||| 00| 0 eng d | ||
| 020 | _a978-84-313-3398-0 | ||
| 040 |
_aMUNICIPALIDAD PROVINCIAL DEL CUSCO _cBIBLIOTECA MUNICIPAL DEL CUSCO |
||
| 041 | _hspa | ||
| 082 |
_aEP / 620.19 _bS66 |
||
| 100 |
_aSola Larrañaga, Sola _952378 |
||
| 245 |
_aCienceando : _bExperimentos para científicos principiantes / |
||
| 260 |
_aPamplona-España : _bUniversidad de Navarra S.A. _c2019 |
||
| 300 |
_a63 páginas. : _c24x17 cm. |
||
| 505 | _aJugando con sólidos -- Ciencia refrescante -- Ciencia burbujeante -- Ciencia espacial -- Ciencia sabrosa | ||
| 856 | _fwww.eunsa.es | ||
| 942 |
_2ddc _cLIBROS |
||
| 945 |
_apbjr _d05-03-2026 |
||